• 首页
  • 本馆介绍
  • 公告通知
  • 最新文献
  • 馆藏检索
  • 电子资源
  • 读者导购
  • 参考咨询
  • 我的图书馆
  • 登录
  • 详细信息显示
  • 放入我的书架
  • 预约/预借图书
  • 作者相关作品
  • 分类相关作品
  • 丛书相关作品
  • 出版社相关作品

书目信息

  • 表格格式
  • 工作单格式
  • 卡片格式
题名:
汉语印度尼西亚语分类词典
    
 
作者: 李树坤 主编
分册:  
出版信息: 北京   商务印书馆  2013.05
页数: 905页
开本: 22cm
丛书名:
单 册:
中图分类: H631.26
科图分类:
主题词: 汉语--印度尼西亚语--词典 , 汉语 , 印度尼西亚语 , 词典
电子资源:
ISBN: 978-7-100-09721-5
000 01034nam0 2200301 450
001 010050044245
005 20140609102638.00
010    @a978-7-100-09721-5@b精装@dCNY145.00
100    @a20130821d2013 em y0chiy0110 ea
101 0  @achi@ainc
102    @aCN@b110000
105    @ay e 001yy
106    @ar
200 1  @a汉语印度尼西亚语分类词典@9han yu yin du ni xi ya yu fen lei ci dian@dKamus istilah Mandarin-Indonesia@f李树坤主编@zinc
210    @a北京@c商务印书馆@d2013.05
215    @a905页@d22cm
300    @a中国国际广播电台人才工程资助项目
330    @a本书是目前国内第一部汉语印度尼西亚语分类词典,收词32000余条,涉及日常生活、社会活动、公共事务、经济活动、社会及自然科学五大门类。
333    @a印度尼西亚语学习者
510 1  @aKamus istilah Mandarin-Indonesia@zinc
606 0  @a汉语@x印度尼西亚语@j词典
606 0  @a汉语
606 0  @a印度尼西亚语
606 0  @a词典
690    @aH631.26@v5
701  0 @a李树坤@9li shu kun@4主编
801  0 @aCN@b人天书店@c20130821
905    @b547795-96@dH631.26@e6@f2
    
    汉语印度尼西亚语分类词典=Kamus istilah Mandarin-Indonesia/李树坤主编.-北京:商务印书馆,2013.05
    905页;22cm
    中国国际广播电台人才工程资助项目.-使用对象:印度尼西亚语学习者
    
    ISBN 978-7-100-09721-5(精装):CNY145.00
    本书是目前国内第一部汉语印度尼西亚语分类词典,收词32000余条,涉及日常生活、社会活动、公共事务、经济活动、社会及自然科学五大门类。
●
相关链接 在E读中查询图书 在五车中查询图书 在当当中查询图书 在豆瓣中查询图书


正题名:汉语印度尼西亚语分类词典     索取号:H631.26/6         预约/预借

序号 登录号 条形码 馆藏地/架位号 状态 备注
1 547795   205477955   第二样本阅览室/ [索取号:H631.26/6] 在馆    
2 547796   205477964   第四借阅区/ [索取号:H631.26/6] 在馆    
唐山师范学院图书馆 欢迎您!
大连网信软件有限公司© 版权所有